000 00859naa a22002657a 4500
001 BR8805133
003 BR-BrBNA
005 20240918180302.0
007 ta
008 230509b bl.||||| |||| 00| 0 por d
040 _aBR-BrBNA
_bpor
_cBiblioteca Nacional de Agricultura
041 _a(Pt)
072 _aL10
_b5213
090 _aL10 BR8805133
100 1 _aRazook, A.J.
245 1 _aMelhoramento do gado de corte
260 3 _aPirassununga, SP (Brasil):
_c1978.
500 _a3. Semana de zootecnia - melhoramento animal Pirassununga, SP (Brasil): 1978. p. 68-78 (BR8805133-AM)L10
650 _aGADO DE CORTE
650 _aRACA
650 _aSELECAO GENETICA
773 0 _t3. Semana de zootecnia - melhoramento animal
_wL10 BR8805133
_gPirassununga, SP (Brasil), 1978. p. 68-78
909 _a202404
_bLucia
_c55
_dLucia Elande
942 _cAM
_2AGRIS
999 _c319594
_d319594